|
|
|
|
| LEADER |
00000nam a2200000Ia 4500 |
| 008 |
180507b1998 us ||||| |||| 00| | spa d |
| 999 |
|
|
|c 1856
|d 1856
|
| 090 |
|
|
|a 06.03.06
|b 998
|
| 100 |
1 |
|
|a Salmi, Jamil
|9 3634
|
| 245 |
1 |
0 |
|a Opciones para reformar el financiamiento de la enseñanza superior /
|c Jamil Salmi, Gabrielena Alcalá
|
| 260 |
|
|
|a Washington D.C. :
|b World Bank,
|c 1998
|
| 300 |
|
|
|a 30 páginas
|
| 650 |
1 |
4 |
|a EDUCACIÓN SUPERIOR
|9 8
|
| 650 |
1 |
4 |
|a FINANCIAMIENTO DE LA EDUCACIÓN
|9 338
|
| 650 |
1 |
4 |
|a REFORMA DE LA EDUCACIÓN
|9 7
|
| 700 |
1 |
|
|a Alcalá, Gabrielena
|9 3635
|
| 942 |
|
|
|i 001653
|h 06.03.06 998
|2 z
|c 01
|